000 00578cam a22002171 4500
001 sa 68013975
003 DLC
005 20260227112627.0
008 900829s1967 ii 000 0 hino
010 _asa 68013975
035 _a(OCoLC)22292203
040 _aDLC
_cWaU
_dDLC
042 _apremarc
050 0 0 _aBL1253
_b.S55
100 1 _aSiddhāntālaṅkāra, Nārāyaṇadatta.
245 1 0 _aMaharshi Dayānanda : jīvana aura darśana.
260 _c[1967]
300 _a262 p.
_c19 cm.
500 _aIn Hindi.
600 0 0 _aDayananda Sarasvati,
_cSwami,
_d1824-1883.
999 _c85483
_d85483